| 000 | 00426cam a2200181ua 4500 | ||
|---|---|---|---|
| 020 | _c51.50 | ||
| 041 |
_aeng _h |
||
| 082 |
_a551.49 _bTOL/GR |
||
| 100 | _aTolman, C F . | ||
| 245 |
_aGroundwater / _cC F Tolman. _hTextual Documents |
||
| 250 |
_a1 / _b. |
||
| 260 |
_aNew York : _bMcGraw Hill Book Company , _c1937. |
||
| 300 | _a593 ; . | ||
| 365 | _a51.50 | ||
| 504 | _a | ||
| 942 | _cBK | ||
| 999 |
_c9779 _d9779 |
||